Southville International School and Colleges
Your cart is empty.
  • Cart
  • Lists
    Public lists Eva Luna New books Lux_list list_1
    Your lists Log in to create your own lists
  • Log in to your account
  • Your cookies
  • Search history
Southville International School and Colleges
  • Advanced search
  • Recent comments
  • Most popular
  • Libraries

Log in to your account

Log in with GOOGLE


If you do not have an external account, but do have a local account, you can still log in:

  1. Home
  2. MARC view: Career training and personal planning for students with autism spectrum disorders :
Normal view MARC view ISBD view

Career training and personal planning for students with autism spectrum disorders : (Record no. 22660)

[ view plain ]
MARC details
000 -LEADER
fixed length control field 00755nam a2200229 a 4500
005 - DATE AND TIME OF LATEST TRANSACTION
control field 20140310183427.0
008 - FIXED-LENGTH DATA ELEMENTS--GENERAL INFORMATION
fixed length control field 071127s19uu xx 00 eng d
020 ## - INTERNATIONAL STANDARD BOOK NUMBER
International Standard Book Number 13:9781843104407
050 ## - LIBRARY OF CONGRESS CALL NUMBER
Classification number LC 4717.5
Item number .L86 2006
100 ## - MAIN ENTRY--PERSONAL NAME
Personal name Lundine, Vicki
245 ## - TITLE STATEMENT
Title Career training and personal planning for students with autism spectrum disorders :
Remainder of title a practical resource for schools /
Statement of responsibility, etc Vicki Lundine
260 ## - PUBLICATION, DISTRIBUTION, ETC. (IMPRINT)
Place of publication, distribution, etc London :
Name of publisher, distributor, etc Jessica Kingsley Pub,
Date of publication, distribution, etc 2006.
300 ## - PHYSICAL DESCRIPTION
Extent 191 p. :
Other physical details ill. ;
Dimensions 31 cm.
521 ## - TARGET AUDIENCE NOTE
Target audience note
650 ## - SUBJECT ADDED ENTRY--TOPICAL TERM
Topical term or geographic name as entry element Autistic youth
General subdivision Education.
650 ## - SUBJECT ADDED ENTRY--TOPICAL TERM
Topical term or geographic name as entry element Autistic youth
General subdivision Employment.
650 ## - SUBJECT ADDED ENTRY--TOPICAL TERM
Topical term or geographic name as entry element Career education.
650 ## - SUBJECT ADDED ENTRY--TOPICAL TERM
Topical term or geographic name as entry element School
General subdivision to work
-- transition.
700 ## - ADDED ENTRY--PERSONAL NAME
Personal name Smith, Catherine
942 ## - ADDED ENTRY ELEMENTS (KOHA)
Koha item type Books
Source of classification or shelving scheme Library of Congress Classification
Call number prefix Foreign
Holdings
Withdrawn status Lost status Source of classification or shelving scheme Damaged status Home library Current library Shelving location Date acquired Source of acquisition Cost, normal purchase price Total Checkouts Full call number Barcode Date last seen Copy number Price effective from Koha item type
    Library of Congress Classification   College Library College Library General Circulation Section 10/01/2010 Donation 2999.00   LC 4717.5 .L86 2006 C8857 05/15/2018 1 10/18/2013 Books

Career training and personal planning for students with autism spectrum disorders :

APA

Lundine V., Smith C., . (2006). Career training and personal planning for students with autism spectrum disorders. London: Jessica Kingsley Pub.

Chicago

Lundine Vicki, Smith Catherine, . 2006. Career training and personal planning for students with autism spectrum disorders. London: Jessica Kingsley Pub.

Harvard

Lundine V., Smith C., . (2006). Career training and personal planning for students with autism spectrum disorders. London: Jessica Kingsley Pub.

MLA

Lundine Vicki, Smith Catherine, . Career training and personal planning for students with autism spectrum disorders. London: Jessica Kingsley Pub. 2006.

  • Place hold
  • Print
  • Cite
  • Add to your cart (remove)
  • Save record
    BIBTEX Dublin Core MARCXML MARC (non-Unicode/MARC-8) MARC (Unicode/UTF-8) MARC (Unicode/UTF-8, Standard) MODS (XML) RIS
  • More searches
    Search for this title in:
    Other Libraries (WorldCat) Other Databases (Google Scholar) Online Stores (Bookfinder.com) Open Library (openlibrary.org)

Exporting to Dublin Core...

SOUTHVILLE LIBRARY

Southville International School and Colleges Library

1281 Tropical Ave. Cor. Luxembourg St., BF Homes International, Las Pinas City

Tel. No. 8256374 / 252358 Loc. 117/146

Powered by Koha